LEADER 00962nam a2200241 i 4500 001 000000175366 003 CaOOAMICUS 005 20081104000000.0 008 081104s2000 it u000 u spa u 013 $a152843 020 $a88-7229-095-3 040 $aSeMil$bita 245 10$aM-Z. 260 $aRoma :$bEditoriales OCD,$c2000. 300 $aP. 1484-3054 ;$c30 cm + 1 all. 650 4$aTeresa : del Bambino Gesů - Opere - Concordanze.$0(OLS)http://semarc/subject/3194 773 0 $tConcordancias de los escritos de Santa Teresa de Jesús.$dRoma : Editoriales OCD, 2000.$z88-7229-096-1$g2$w()20229 850 $aSeMil 852 $aSeMil$W1$xVenegono$y1$mSL1.P VIII 64$j126189$B126189$CSeMilBibl$Z2$F136994 $8I 961 $aAcquisto: OCD 996 $6020$a88-7229-095-3$9(OLS)http://semarc/number/93382 996 $6245$aM-Z$9(OLS)http://semarc/title/49078 996 $6260$aRoma :$bEditoriales OCD$9(OLS)http://semarc/publisher/35290 LEADER 00915nam a2200217 i 4500 001 000000121670 003 CaOOAMICUS 005 20070302000000.0 008 070302s1994 it u000 u ita u 013 $a94365 040 $aSeMil$bita 100 1 $aSalgari, Emilio,$d<1862-1911>.$0(OLS)http://semarc/name/39177 245 10$aAttraverso l'Atlantico in pallone :$bromanzo d'avventure /$cEmilio Salgari ; a cura di Omar Calabrese. 260 $aMilano :$bEdizioni Olivares,$ccopyr. 1994. 300 $a255 p. ;$c17 cm. 700 1 $aCalabrese, Omar <1949-2012>.$0(OLS)http://semarc/name/50585 850 $aSeMil 852 $aSeMil$W1$xVenegono$y1$m1D I 162$j76730$B76730$CSeMilBibl$Z2$F78200 $81 961 $aRecupero: Altro 996 $6245$aAttraverso l'Atlantico in pallone :$bromanzo d'avventure$9(OLS)http://semarc/title/179159 996 $6260$aMilano :$bEdizioni Olivares$9(OLS)http://semarc/publisher/32283